000 00830cam a2200241 a 4500
001 3052279
005 20180201032951.0
008 960429s1997 nyua b 001 0 eng
010 _a 96019727
020 _a0673990575
040 _aDLC
_cDLC
_dDLC
041 _aeng
080 _a428.42
082 0 0 _a428.42 LIP
_220
100 1 _a46
101 _aEDU
245 1 0 _aAssessment and instruction of reading and writing disability :
_cMarjorie Y. Lipson, Karen K. Wixson.
246 1 4 _aAssessment & instruction of reading disability
504 _aIncludes bibliographical references (p. 691-734) and indexes.
906 _a7
_bcbc
_corignew
_d1
_eocip
_f19
_gy-gencatlg
942 _2ddc
_cBK
999 _c41448
_d41448